| 000 | 00481nam a2200193Ia 4500 | ||
|---|---|---|---|
| 003 | 0100 | ||
| 008 | 130307s9999 xx 000 0 und d | ||
| 040 | _cARRUPELIB | ||
| 050 | _aB 785.P53D442 1940 | ||
| 100 | _aMirandola, Pico Della | ||
| 245 | _aOn the dignity of man, and other works | ||
| 260 | _aNew York | ||
| 260 | _bThe Bobbs-Merrill Company | ||
| 260 | _c1940 | ||
| 300 | _axxxiii | ||
| 300 | _b174p. 21cm. | ||
| 700 | _aWallis, Charles Glenn (ed.) | ||
| 942 | 0 | 0 | _01 |
| 999 |
_c93662 _d93662 |
||